000 00500ntaaa2200181 4500
003 01
005 20251027203150.0
008 0714s1973 ag 01
040 _aAR-BaBN
_bspa
_cAR-BaBN
_eaacr
_dRIC
082 _a109.0000 L16h
100 _aLamanna, E. Paolo
_933107
245 _aHistoria de la filosofia /
_cE. Paolo Lamanna,
250 _a2 ed
260 _aBuenos Aires :
_bHachette,
_c1976
300 _a413 p ;
_c21 cm
500 _aAdiciones bibliograficas de Gregorio Weinberg
942 _cBK
999 _c27092
_d27092